000 00719nam a2200229Ia 4500
003 data
005 20260322212039.0
008 data
020 _a0706401239
020 _a9780706401233
040 _aOCO
_cOCO
_dCIN
043 _ae-gr---
092 _a292 P3 1972
100 1 _aPatrick, Richard.
245 1 0 _aAll color book of Greek mythology /
_cRichard Patrick & Barbara Leonie Picard.
260 _adist. in the USA by Los Angeles :
_bCrescent,
_adist. in the USA by Los Angeles :
_bCrescent,
_c1972.
300 _a71 p. :
_bcol. ill. ;
_c30 cm.
650 0 _aMythology, Greek
_xJuvenile literature.
651 0 _aGreece
_xJuvenile literature.
_xJuvenile literature.
700 1 _aPicard, Barbara Leonie.
001 data
999 _c929
_d929